000 00517nam a2200205Ia 4500
005 20250923145444.0
008 008 250917s9999 xx 000 0 eng d
037 _aTextual
040 _aDSWL
_beng
_cDSWL
041 _aeng
_2eng
084 _qDSWL
100 _aSrinivas, M.N.
_9835502
245 0 _aChanging Position of Indian Women
_c by M.N.Srinivas
260 _aDelhi
_bOxford
_c1978
300 _a30 p.
365 _aINR
_b5
925 _g5
942 _cTEXL
999 _c1451556
_d1451556